National taskforce to end the problem of beds in sheds (Record no. 83965)

MARC details
000 -LEADER
fixed length control field 01111cad a22002055a 4500
001 - CONTROL NUMBER
control field L156200
008 - FIXED-LENGTH DATA ELEMENTS--GENERAL INFORMATION
fixed length control field 120503e20120430xxk 000 0 eng d
035 ## - SYSTEM CONTROL NUMBER
System control number (Sirsi) u156200
041 0# - LANGUAGE CODE
Language code of text/sound track or separate title eng
110 2# - MAIN ENTRY--CORPORATE NAME
Corporate name or jurisdiction name as entry element United Kingdom
Subordinate unit Department for Communities and Local Government
9 (RLIN) 4939
245 00 - TITLE STATEMENT
Title National taskforce to end the problem of beds in sheds
Medium [electronic resource]
260 ## - PUBLICATION, DISTRIBUTION, ETC.
Date of publication, distribution, etc. 2012
490 ## - SERIES STATEMENT
Series statement DCLG News Release
Volume/sequential designation 30 April 2012
520 ## - SUMMARY, ETC.
Summary, etc. A national task force headed by Housing Minister Grant Shapps and Immigration Minister Damien Green with representatives from the police, UK Border Agency and representatives from local government has been set up to tackle the issue of sheds and outbuildings being illegally let out to migrants, many of whom have entered the UK illegally. Referred to as the beds in sheds problem.
590 ## - LOCAL NOTE (RLIN)
Local note KA NTK
651 #4 - SUBJECT ADDED ENTRY--GEOGRAPHIC NAME
Geographic name UNITED KINGDOM
690 ## - LOCAL SUBJECT ADDED ENTRY--TOPICAL TERM (OCLC, RLIN)
Topical term or geographic name as entry element Residential property
9 (RLIN) 6266
856 40 - ELECTRONIC LOCATION AND ACCESS
Uniform Resource Identifier <a href="http://web.archive.org/web/20120603110821/https://www.communities.gov.uk/news/corporate/2137355">http://web.archive.org/web/20120603110821/https://www.communities.gov.uk/news/corporate/2137355</a>
Public note Archived press release available from web.archive
942 ## - ADDED ENTRY ELEMENTS (KOHA)
Suppress in OPAC 0
Source of classification or shelving scheme Dewey Decimal Classification
Holdings
Withdrawn status Lost status Source of classification or shelving scheme Damaged status Not for loan Home library Current library Shelving location Date acquired Total Checkouts Full call number Barcode Date last seen Copy number Price effective from Koha item type
    Dewey Decimal Classification     Virtual Virtual Online 03/05/2012   ONLINE PUBLICATION 156200-2001 06/09/2023 1 06/08/2019 Journal article